000 00663cam a2200241 4500500
005 20260329004731.0
041 _afre
042 _adc
100 1 0 _ade Oliveira, Victorine
_eauthor
245 0 0 _aLa fabrique des concepts
260 _c2021.
500 _a98
690 _aDeleuze
690 _aFrench Theory
690 _aMarx
690 _aNietzsche
690 _aSacher-Masoch
690 _aSpinoza
690 _aSurf
690 _aToni Negri
786 0 _nPhilosophie magazine | 146 | 2 | 2021-02-01 | p. 65-65 | 1951-1787
856 4 1 _uhttps://shs.cairn.info/magazine-philosophie-magazine-2021-2-page-65?lang=fr&redirect-ssocas=7080
999 _c1836780
_d1836780